00646nam a2200217 i 45000010005000000030009000050050017000140080041000310200018000720800015000901000030001052450080001352500012002152600039002273000022002664900027002885000014003156510050003298300027003798520022004067729ES-MaACL20250809063446.0910324s1990 sp |||| | spa d a84-322-3076-6 a32(72)(04)1 aPaz, Octavio, d1914-199813aEl ogro filantrópico b: historia y política 1971-1978 / cOctavio Paz. a1ª ed. aBarcelona : bSeix Barral, c1990. a348 p. ; c20 cm.1 aBiblioteca de bolsillo aÍndice. 4aMéxico-xPolítica y gobierno-y1970-1988.0 aBiblioteca de Bolsillo aES-MaACLjL-15020